00857cam a22002295i 450000100060000000300080000600500170001400800410003102000320007203500420010404000420014604100080018808200320019610000370022824501160026530000370038150400670041865000280048565000370051365100340055071000430058440378BD-RjUL20211209053212.0150816s2015 bg a b 001 0 eng  a9789845061605c: Tk. 850.00 a(MFDhaka) 2015357048a(BD-RjUL)40493 aDLCbengerdacDLCdDLCdDLCdBD-RjUL aeng04223a339.46095492 bOSP 20151 aOsmani, S. R.q(Siddiqur Rahman)10aPoverty and vulnerability in rural Bangladesh /cS.R.Osmani with Meherun Ahmed, Muhammad A. Latif, Binayak Sen. axvi, 236 pages :bill. ;c24 cm. aIncludes bibliographical references (pages 225-230) and index. 0aRural poorzBangladesh. 0aIncome distributionzBangladesh. 0aBangladeshxRural conditions.2 aInstitute of Microfinance (Bangladesh)